|
|
|
|
| LEADER |
00000nam0a2200000 4500 |
| 001 |
37690 |
| 005 |
20231031004343.0 |
| 010 |
|
|
|a 5829101262
|
| 035 |
|
|
|a (RuTPU)RU\TPU\book\38280
|
| 090 |
|
|
|a 37690
|
| 100 |
|
|
|a 20020129d2001 k y0rusy50 ca
|
| 101 |
1 |
|
|a rus
|c eng
|
| 102 |
|
|
|a RU
|
| 105 |
|
|
|a y z 001zy
|
| 200 |
1 |
|
|a Развитие в психоанализе
|e пер. с англ.
|f М. Кляйн, С. Айзекс, Д. Райвери, П. Хайманн
|g Под ред. И. Ю. Романова
|
| 210 |
|
|
|a Москва
|c Академический Проект
|d 2001
|
| 215 |
|
|
|a 512 с.
|
| 225 |
1 |
|
|a Психология детства
|
| 320 |
|
|
|a Библиогр.: с. 491-499.
|
| 320 |
|
|
|a Предм. указ.: с. 499-509.
|
| 320 |
|
|
|a Именной указ.: с. 509-510.
|
| 610 |
1 |
|
|a психология
|
| 610 |
1 |
|
|a детская психология
|
| 610 |
1 |
|
|a дети
|
| 610 |
1 |
|
|a развитие
|
| 610 |
1 |
|
|a психоанализ
|
| 610 |
1 |
|
|a младенческий возраст
|
| 686 |
|
|
|a Ю98
|v LBC/SL-A
|2 rubbk
|
| 686 |
|
|
|a Ю932
|v LBC/SL-A
|2 rubbk
|
| 701 |
|
1 |
|a Кляйн
|b М.
|g Мелани
|
| 701 |
|
1 |
|a Айзекс
|b С.
|g Сюзн
|
| 701 |
|
1 |
|a Райвери
|b Д.
|g Джоан
|
| 701 |
|
1 |
|a Хайманн
|b П.
|g Паула
|
| 702 |
|
1 |
|a Романов
|b И. Ю.
|4 340
|
| 801 |
|
1 |
|a RU
|b 63413507
|c 20020129
|g PSBO
|
| 801 |
|
2 |
|a RU
|b 63413507
|c 20120709
|g PSBO
|
| 942 |
|
|
|c BK
|